| 000 | 00942nas a2200313 4500 | ||
|---|---|---|---|
| 001 | BR0707910 | ||
| 003 | BR-BrBNA | ||
| 005 | 20231205111406.0 | ||
| 007 | ta | ||
| 008 | 230509b bl.|||p| |||| 00| 00por d | ||
| 040 |
_aBR-BrBNA _bpor _cBiblioteca Nacional de Agricultura |
||
| 041 | _a(Pt) | ||
| 072 | _aL01; L73; Q03 | ||
| 100 | 1 | _aSantos, L. de A. G. dos | |
| 100 | 1 | _aPinto, P.S. de A. | |
| 100 | 1 | _aMoraes, M.P. | |
| 100 | 1 | _aVanetti, M.C.D. | |
| 100 | 1 | _aBevilacqua, P.D. | |
| 100 | 1 | _aPinto, M.S. | |
| 100 | 1 | _aDias, F.S. | |
| 245 | 1 | _aPesquisa molecular e convencional de Listeria Monocytogenes para controle de qualidade da carne suína | |
| 650 | _aABATE | ||
| 650 | _aSUÍNO | ||
| 650 | _aLISTERIOSE | ||
| 650 | _aHIGIENE DE ALIMENTO | ||
| 773 | 0 |
_tRevista Ceres (Brazil) _xISSN 0034-737X _g(Jul-Aug 2006), v. 53(308) p. 481-486 _wBR0707910 |
|
| 909 |
_a202311 _bLúcia _c55 _dLúcia Elande |
||
| 942 |
_2AGRIS _n0 _cANA |
||
| 999 |
_c192455 _d192455 |
||